000 00709nam a2200217Ia 4500
003 OSt
005 20220923212040.0
006 a|||||r|||| 00| 0
007 ta
008 220922b |||||||| |||| 00| 0 hin d
024 _a150,270
037 _cTextual
040 _aARTS
_cARTS
_bhin
041 _2hin
_ahin
082 _a9xM66j, 152K7
100 _aकैलाश चन्द्र, संपा.
245 0 _aगुरू गोपालदास वरैया स्मृति ग्रन्थ
246 _aGurū gopāladās varaiyā smṛuti grantha
942 _h9xM66j, 152K7
_cTEXL
_2CC
999 _c305950
_d305950